Derecho de obligaciones.

Сохранить в:
Библиографические подробности
Главный автор: Hernández Gil, Antonio (autor)
Формат:
Опубликовано: Madrid, España: Maribel Artes Gráficas, 1983.
Предметы:
Метки: Добавить метку
Нет меток, Требуется 1-ая метка записи!

MARC

LEADER 00000nam a2200000 a 4500
001 UCY0505
003 CL-VaPUC
005 20240112112650.0
008 231024t1960 ||||| |||| 00| 0 eng d
999 |c 442945  |d 442943 
040 |c Pontificia Universidad Católica de Valparaíso 
082 0 4 |2 22  |a 346.4602 HER 1983 
100 |a Hernández Gil, Antonio  |e autor  |9 443264 
245 1 0 |a Derecho de obligaciones. 
260 |a Madrid, España:  |b Maribel Artes Gráficas,  |c 1983. 
300 |a Tomo I.  
500 |a c.1 Tomo I: Donación Sr. Jorge López Santa María. Memo DER N° 050. 22-12-23. 
505 |a t.I: - La obligación y su estructura. - Doctrina general de las fuentes de las obligaciones. - Cumplimiento. - Pago de las deudas de dinero. - Problemas de fluctuación y estabilización monetaria. 
583 |a last modification  |c 19940803 00:00:00  |k Yessy Sthefany Diaz Vidal 
650 1 |a Derecho de las obligaciones   |z España  |9 885325 
650 1 0 |a Derecho civil español   |9 390729  |x Contratos  
942 |c BK  |2 ddc 
952 |0 0  |1 0  |2 ddc  |4 0  |6 346_460200000000000_HER_1983  |7 0  |8 A  |9 593250  |a BIBDER  |b BIBDER  |d 2024-01-10  |e Donación   |h t.I  |i 5659996  |o 346.4602 HER 1983  |p 5659996  |r 2024-01-10  |t 1  |w 2024-01-10  |y BK  |k DER